“羊肉汤”地点数量≥700的地级行政区 Prefectures with ≥700 mutton soup sites - Statistics

General Stats
  • This quiz has been taken 41 times
  • The average score is 11 of 20
Answer Stats
地级行政区 数量 % Correct
郑州 1232
92%
北京 1269
86%
济南 1638
84%
青岛 904
84%
天津 2395
70%
临沂 843
68%
洛阳 706
65%
菏泽 1381
62%
德州 795
54%
济宁 1382
51%
枣庄 1021
49%
徐州 852
49%
邯郸 1063
46%
商丘 981
46%
聊城 960
43%
沧州 882
43%
南阳 779
43%
唐山 815
41%
周口 722
41%
成都 1546
30%
No matching quizzes found
Score Distribution
Percent of People with Each Score
Percentile by Number Answered
Your Score History
You have not taken this quiz